=LDR 00000nam 2200000 4500 =001 INLIS000000000023014 =005 20130612121718 =008 ***********************************Ind** =035 ##$$0010-061300000023014 =041 ##$$a Ind =082 ##$$a 365 =090 ##$$a 365, Bud s =100 ##$$a Bedi, Kiran =245 ##$$a It's Always Posible (Selalu Mungkin), Reformasi di Tihar Salah satu Penjara Terbesar di Dunia, Kiran Bedi; Penerjemah, A. Rahman Zainuddin =260 ##$$a 2004 $b Jakarta =300 ##$$a xxvi, 414 hlm., ilus., 24 cm =650 ##$$a Reformasi Politik =850 ##$$a NBPNMAT =990 ##$$a 0001/BPAP-NTB/2015